| 000 | 01580 a2200277 4500 | ||
|---|---|---|---|
| 020 | _a0123706203 | ||
| 022 | _a9780123706201 | ||
| 082 | _a530.8 | ||
| 090 |
_c1070 _d1070 |
||
| 100 | 1 | _aSzirtes, Thomas. | |
| 245 | 1 | 0 |
_aApplied dimensional analysis and modeling _h[electronic resource] / _cThomas Szirtes. |
| 250 | _a2nd ed. | ||
| 260 |
_a[S.l.] : _bButterworth-Heinemann, _c2006. |
||
| 300 | _a1 online resource (856 p.) | ||
| 500 | _aKindle eBook. | ||
| 700 | _aSzirtes, Thomas. | ||
| 942 |
_aSNS _cBK _k530.8 SZI |
||
| 999 |
_c29687 _d29687 |
||